000 00529nam a2200205Ia 4500
005 20260429112128.0
008 260429s9999||||xx |||||||||||||| ||und||
020 _a9789348610508
041 _aEnglish
082 _a954.02
_bNAT
100 _aNath, R.
245 0 _aIslamic architecture and culture in India /
_cR. Nath
250 _a1st ed.
260 _aDelhi :
_bB. R. Publishing Corporation,
_c2025.
300 _axii, 228 p.; hb
650 _a Architecture
650 _a Culture
650 _aIslam
942 _cTB
999 _c52499
_d52499